| 000 | 02007nam a22002417a 4500 | ||
|---|---|---|---|
| 999 |
_c61785 _d61785 |
||
| 003 | Ge_BSU | ||
| 005 | 20240513114339.0 | ||
| 008 | 240513s2022 ge ||||| |||| 00| 0 geo d | ||
| 020 | _a9789941351020 / 9789941350429 | ||
| 041 | _ageo | ||
| 080 | _a008+94(479.22)+392(=353.1)შ-93 | ||
| 245 |
_aსაქართველოს ისტორიის პალიტრა : _b15 ტომეული. ტომი 3 : შუა საუკუნეების ქართული ხალხური კულტურა : წეს-ჩვეულებები, ტრადიციები / _cავტორები: როლანდ თოფჩიშვილი, გიორგი გოცირიძე, როზეტა გუჯეჯიანი [და სხვა] ; როლანდ თოფჩიშვილის საერთო რედაქციით ; პროექტის ხელმძღვანელი ჯაბა სამუშია ; სარედაქციო ჯგუფი: გელა გურგენიძე, ნესტან მაღალაშვილი, თამარ ჯანთიშვილი [და სხვა]. |
||
| 264 |
_a თბილისი : _bპალიტრა L, _c 2022. |
||
| 300 |
_a476 გვ. ; _b 23 სმ. |
||
| 504 | _aბიბლიოგრაფია: გვ. 450-474. | ||
| 653 | _a შუა საუკუნეების ქართული ხალხური კულტურა | ||
| 653 | _aწეს-ჩვეულებები, ტრადიციები | ||
| 653 | _a საქართველოს ისტორია | ||
| 653 | _aსაქართველოს ქართული ხალხური კულტურა | ||
| 700 |
_aთოფჩიშვილი, როლანდ _922053 |
||
| 700 |
_aგოცირიძე, გიორგი _eდა სხვ. _95520 |
||
| 942 |
_2udc _cᲬᲘᲒᲜᲘ |
||